Pokemon les plus rapide - Statistiques

Statistiques générales
  • Ce quiz a été pris 196 fois
    8 depuis la dernière actualisation
  • Le résultat moyen est 117 sur 223
Statistiques - réponses
Hint Réponse % Correct
122 amphinobi
100%
120 arceus
100%
151 cancrelove
100%
101 demeteros
100%
150 deoxys
100%
150 deoxys attack
100%
180 deoxys vitesse
100%
150 electrode
100%
100 entei
100%
111 fulguris
100%
101 fulguris totemique
100%
100 mega brasegali
100%
130 mega mewtwo x
100%
140 mega mewtwo y
100%
115 mega rayquaza
100%
160 ninjask
100%
115 raikou
100%
200 regieleki
100%
132 sachanobi
100%
120 alakazam
80%
111 boreas
80%
121 boreas totemique
80%
102 carchacrok
80%
100 celebi
80%
108 cobaltium
80%
125 dimoret
80%
110 ectoplasma
80%
135 flotte-mèche
80%
100 jirachi
80%
120 jungko
80%
109 katagami
80%
108 keldeo
80%
120 lezargus
80%
145 limaspeed
80%
100 manaphy
80%
115 mega absol
80%
150 mega alakazam
80%
142 méga amphinobi
80%
100 mega charmina
80%
115 mega demolosse
80%
100 mega dracaufeu x
80%
100 mega dracaufeu y
80%
100 méga dracolosse
80%
120 mega drattak
80%
130 mega ectoplasma
80%
135 mega elecsprint
80%
145 mega jungko
80%
135 mega lockpin
80%
112 mega lucario
80%
110 mega metalosse
80%
150 mega ptera
80%
128 meloetta pirouette
80%
100 mew
80%
130 mewtwo
80%
130 ptera
80%
110 raichu
80%
110 raichu d'alola
80%
119 rugit-lune
80%
108 simiabraz
80%
108 terrakium
80%
129 ultra necrozma
80%
108 viridium
80%
130 voltali
80%
138 zacian
80%
148 zacian epee supreme
80%
138 zamazenta
80%
128 zamazenta bouclier supreme
80%
110 aeropteryx
60%
123 bruyverne
60%
100 drattak
60%
105 elecsprint
60%
100 electhor
60%
100 electhor de galar
60%
103 emolga
60%
100 feunard
60%
109 feunard d'alola
60%
125 fulgulairo
60%
116 garde-de-fer
60%
104 goupelin
60%
125 heledelle
60%
109 iguolta
60%
135 koraidon
60%
142 lanssorien
60%
110 latias
60%
110 latios
60%
105 lockpin
60%
105 magireve
60%
151 méga absol Z
60%
110 méga airmure
60%
118 méga brutalibre
60%
151 méga carchacrok Z
60%
145 mega dardargnan
60%
110 méga etouraptor
60%
110 mega gallame
60%
100 mega gardevoir
60%
134 méga goupelin
60%
110 mega latias
60%
110 mega latios
60%
151 méga lucario Z
60%
124 méga mistigrix
60%
120 méga momartik
60%
110 méga raichu X
60%
130 méga raichu Y
60%
121 mega roucarnage
60%
153 méga zeraora
60%
135 miraidon
60%
104 mistigrix
60%
110 momartik
60%
108 mygavolt
60%
130 nostenfer
60%
100 pyrax
60%
119 pyrobut
60%
101 roucarnage
60%
100 shaymin
60%
127 shaymin celeste
60%
150 sylveroy spectre
60%
130 tokorico
60%
120 triopikeau
60%
100 typhlosion
60%
100 victini
60%
100 voltorbe
60%
116 zeblitz
60%
143 zeraora
60%
103 zeroid
60%
105 zoroark
60%
115 zygarde 10%
60%
106 amovénus
40%
135 baojian
40%
118 brutalibre
40%
112 brutapode
40%
112 chaffreux
40%
125 darkrai
40%
135 darumacho galar zen
40%
101 dedenne
40%
100 dracaufeu
40%
130 ethernatos
40%
100 etouraptor
40%
120 farfurex
40%
126 flambusard
40%
105 fragilady de hisui
40%
121 fulgudog
40%
105 galopa
40%
105 galopa de galar
40%
136 hastacuda
40%
111 hurle-queue
40%
100 libegon
40%
121 mandrillon
40%
125 marshadow
40%
100 méga hexadron
40%
100 mega kangourex
40%
103 méga minotaupe
40%
100 mega oniglali
40%
105 mega scarabrute
40%
105 mega sharpedo
40%
120 méga staross
40%
100 méga zygarde
40%
110 mentali
40%
123 miascarade
40%
101 pelage-sablé
40%
115 persian
40%
115 persian d'alola
40%
107 pierroteknik
40%
106 roue-de-fer
40%
105 shaofouine
40%
130 spectreval
40%
115 staross
40%
100 superdofin
40%
108 têtes-de-fer
40%
120 triopikeur
40%
110 triopikeur d'alola
40%
100 yuyu
40%
105 zarude
40%
115 capidextre
20%
105 cleopsytra
20%
115 crefadet
20%
102 dispareptil
20%
100 ecremeuh
20%
116 farfaduvet
20%
115 farfuret
20%
115 farfuret de hisui
20%
100 guerilande
20%
136 hottes-de-fer
20%
105 insecateur
20%
105 kadabra
20%
106 leopardus
20%
100 lineon
20%
100 lineon de galar
20%
110 lugia
20%
113 majaspic
20%
110 mega diancie
20%
102 méga floette
20%
101 méga floreclat
20%
120 meteno
20%
110 mite-de-fer
20%
100 monaflemit
20%
121 motorizard
20%
100 palkia
20%
105 pohmarmotte
20%
100 regigigas
20%
114 rhinolove
20%
110 tauros
20%
130 bekaglacon tête degel
0%
110 cotovol
0%
102 couafarel
0%
110 dodrio
0%
105 elektek
0%
109 fermite
0%
101 feuiloutan
0%
101 flamoutan
0%
101 flotoutan
0%
111 framignol
0%
105 hexagel
0%
110 lougaroc crepusculaire
0%
112 lougaroc diurne
0%
117 malamandre
0%
126 méga nemelios
0%
115 musteflott
0%
106 nemelios
0%
115 pashmilla
0%
100 rapasdepic
0%
124 rubombelle
0%
110 tag-tag
0%
100 terracruel
0%
Aucun quiz correspondant
Distribution des résultats
% des personnes avec chaque résultat
Percentile par nombre de réponses
Votre historique - résultats
Vous n’avez pas pris ce quiz depuis la dernière actualisation